| 000 | 00365nam a22001457a 4500 | ||
|---|---|---|---|
| 003 | OSt | ||
| 005 | 20160226112547.0 | ||
| 008 | 160226b xxu||||| |||| 00| 0 eng d | ||
| 020 | _a0072439696 | ||
| 040 | _cN/A | ||
| 100 | _aMOLLES MANUEL .C | ||
| 245 |
_aECOLOGY _cCONCEPTS AND APPLICATIONS |
||
| 260 |
_aMc graw hill Higher Education _bBoston |
||
| 942 |
_2lcc _cBK |
||
| 999 |
_c252644 _d252643 |
||